K právní úpravě ochrany hospodářské soutěže. 1.

Systém právnej ochrany hospodárskej súťaže v ČSFR má dva doplňujúce sa subsystémy. Prvý je zameraný na ochranu proti obmedzovaniu hospodárskej súťaže a druhý na ochranu proti nekalej súťaži. Ochrana proti obmedzovaniu hospodárskej súťaže je od 1.3.1991 zabezpečená zákonom č. 63/1991 Zb., o ochrane h...

Ausführliche Beschreibung

Gespeichert in:
Bibliographische Detailangaben
1. Verfasser: Marek, K.
Format: Buchkapitel
Sprache:Tschechisch
Schlagworte:
Tags: Tag hinzufügen
Keine Tags, Fügen Sie das erste Tag hinzu!

MARC

LEADER 00000naa a2200000 4500
001 r007834
005 20221125080512.0
041 0 |a cze 
044 |a [CS] 
245 1 0 |a K právní úpravě ochrany hospodářské soutěže. 1.  |c K. Marek 
520 |a Systém právnej ochrany hospodárskej súťaže v ČSFR má dva doplňujúce sa subsystémy. Prvý je zameraný na ochranu proti obmedzovaniu hospodárskej súťaže a druhý na ochranu proti nekalej súťaži. Ochrana proti obmedzovaniu hospodárskej súťaže je od 1.3.1991 zabezpečená zákonom č. 63/1991 Zb., o ochrane hospodárskej súťaže. Výklad zákonom vymedzených troch foriem nedovoleného obmedzovania súťaže - kartelových dohôd, dohôd o fúziách alebo zlučovaní podnikov a zneužitia monopolného alebo dominantného postavenia na trhu. 
610 2 0 |a ochrana právna 
610 2 0 |a súťaž hospodárska 
610 2 0 |a predpisy právne 
610 2 0 |a súťaž nekalá 
610 2 0 |a ČSFR 
610 2 0 |a zákony 
610 2 0 |a 1991 
610 2 0 |a konkurencia 
100 1 |a Marek, K.